01881nam a2200301 a 450000100100000000500170001000800410002702000180006804000250008608200250011111000330013624000180016924500750018726000330026230000200029550505000031559000250081565000790084065000680091965100410098765100460102871000610107491000370113595201380117295201230131095201290143399900170156200003570220220729102834.0110427s2011 dr 001 0 spa d a9789945164244 aDO-SdBNPbspacBNPHU a345.025bR426L, 20111 aRepública Dominicana.944710a[Leyes, etc.]10aLey 137-03 sobre tráfico ilícito de migrantes y trata de personas. aSanto Domingo :bOIM,c2011. a69 p. ;c21 cm.0 gPresentación --tLey 137-03 sobre tráfico ilícito de migrantes y trata de personas --tProtocolo para prevenir, reprimir y sancionar la trata de personas, especialmente mujeres y niños, que complementa la Convención de las Naciones Unidas contra la delincuencia organizada transnacional --tProtocolo facultativo de la Convención sobre los Derechos del Niño relativo a la venta de niños, la prostitución infantil y la utilización de niños en la pornografía --tDirectorio aInventariado,2018/DG 4aEmigración e inmigraciónxLegislaciónzRepública Dominicana956697 4aCrimen organizadoxLegislaciónzRepública Dominicana956698 4aRepública DominicanaxLeyes916541 4aRepública DominicanaxLey 137-039566992 a Organización Internacional para las Migraciones92058 aValidado. Control de calidad EMS 001054708DSaGRbGRcHDd2011-11-08iLF1l0o345.025 R426L, 2011p35702-30r2020-06-25te. 3w2020-06-25yLFDSZPréstamo en sala 0010718PDaPDbPDcHDd2011-11-08iLF1l0o345.025 R426L, 2011p35702-10r2020-06-25w2020-06-25yLFPDZNo se presta 0010718PDaPDbPDcHDd2011-11-08iLF1l0o345.025 R426L, 2011p35702-20r2020-06-25te. 2w2020-06-25yLFPDZNo se presta c35193d35193